Záhada divadelnej kostry

Bibliographic Details
Main Author: Sonnleitner, Marco, 1965- (Author)
Other Authors: Nováková, Alexandra (Translator), Kurinec, Ján, 1983- (Illustrator), Gálová, Mária (grafička) (Editor)
Format: Book
Language:Slovak
German
PhysicalDescription:115 strán 21 cm
Published: Bratislava SPN - Mladé letá, s.r.o. 2025
ISBN:9788010043842
Edition:1. vydanie
Series:Traja pátrači
Subjects:

MARC

LEADER 00000nam a2200000 4500
003 SK-MaSNL
005 20260515092628.0
008 260515s2025 xo c 000 j slo
020 |a 9788010043842  |q (viazané) 
040 |a SNK  |b slo  |c SNK  |e rda 
041 1 |a slo  |h ger 
044 |a xo  |c SK 
072 7 |a 821.112.2-3  |x Nemecká próza, nemecky písaná  |2 konspekt 
072 7 |a 821-93  |x Literatúra pre deti a mládež (beletria)  |2 konspekt 
080 |a 821.112.2-32  |2 2011 
080 |a (0:82-321.3)  |2 2011 
080 |a (0:82-322.4)  |2 2011 
080 |a 82-93-053.4/.5  |2 2011 
100 1 |a Sonnleitner, Marco,  |d 1965-  |4 aut  |9 704689 
240 1 4 |a Die drei ??? und der Knochenmann  |l Slovensky 
245 1 0 |a Záhada divadelnej kostry  |c rozpráva Marco Sonnleitner 
250 |a 1. vydanie 
264 1 |a Bratislava  |b SPN - Mladé letá, s.r.o.  |c 2025 
300 |a 115 strán  |c 21 cm 
336 |a text  |b txt  |2 rdacontent 
337 |a bez média  |b n  |2 rdamedia 
338 |a zväzok  |b nc  |2 rdacarrier 
490 1 |a Traja pátrači  |v 99 
500 |a Preložené z nemčiny 
521 8 |a Pre čitateľov od 9 rokov 
655 7 |a dobrodružné príbehy  |2 SNKPH  |9 70626 
655 7 |a detektívne príbehy  |2 SNKPH  |9 74163 
655 7 |a nemecké príbehy  |2 SNKPH  |9 70667 
655 7 |a literatúra pre deti a mládež  |2 SNKPH  |9 189378 
655 7 |a Detective stories  |2 SNKPHeng  |9 286268 
655 7 |a Adventure stories  |2 SNKPHeng  |9 312592 
655 7 |a German stories  |2 SNKPHeng  |9 315928 
655 7 |a Children's and juvenile literature  |2 SNKPHeng  |9 212725 
700 1 |a Nováková, Alexandra  |4 trl  |9 464730 
700 1 |a Kurinec, Ján,  |4 ill  |9 184052  |d 1983- 
700 1 |a Gálová, Mária  |c (grafička)  |4 edt  |9 245641 
830 0 |a Traja pátrači  |9 291200 
852 |a Slovenská národná knižnica 
919 |a 978-80-10-04384-2 
954 |a beletria cudzojazyčná (svetová)  |2 lita 
958 |a LX 
958 |a UP 
958 |a DE 
958 |a DB 
968 |a SLO  |b ENG  |c DT 
999 |c 3369697  |d 3371627 
952 |t 1  |a SNK  |b SNK  |y NEVYP  |7 1  |p 17A1509670  |o snkSC 214556  |i snk2026/7208  |8 0  |g 0.00  |0 0  |1 0  |2 udc  |4 0  |d 2026-05-15  |l 0  |r 2026-05-15 09:13:52  |w 2026-05-15